000 01335nam a2200253Ia 4500
999 _c54629
_d54629
001 21696
003 GE_BSU
005 20250728160627.0
008 181216s2017||||ge |||||||||||||| ||geo||
020 _a9789941248467
040 _cGE_BSU
041 _ageo
080 _a27-36 თ-54
245 _aႧვენი. [ტ.] 27, 21 სექტემბერი - 30 სექტემბერი (ახალი სტილით 4 ოქტომბერი - 13 ოქტომბერი) /
_cპროექტის ავტორი და რედაქტორი თამარ მამაცაშვილი ; შემდგენელი სოფიო თავაძე ; დიზაინერი რატი თორდია.
264 _aთბილისი :
_bპალიტრა L,
_c2017.
300 _a272 გვ. ;
_c 22 სმ.
490 _aჟურნალ ”კარიბჭის” ბიბლიოთეკა
541 _h6 ლ.
653 _aთვენი. 21 სექტემბერი -30 სექტემბერი. 27
653 _aრელიგია
653 _aწმინდანთა ცხოვრება
653 _aსაქართველოს ეკლესიის კალენდრები
942 _cBK
_2udc